000 00277nam a22001337a 4500
003 SGT
082 _a615
_bP15M
100 _aMANOHAR, SUJITHRA RAM
245 _aPRAMEHA
260 _aVARANASI
_bCHAUKHAMBHA PUB
_c2015
300 _a425.00
650 _aAYURVEDA
942 _2ddc
_cBK
999 _c8580
_d8580